000 01269nam a22002537a 4500
005 20090810133343.0
008 090807t xxu||||| |||| 00| 0 hin d
010 _aHIN-87672
020 _a9788177111804
_c175.00
035 _aHN-60018
037 _bDBAD / PUB
040 _adpl
_bhn
082 _a230.4
100 _aमिश्र, रतनलाल
245 _aमहाप्रभु चैतन्य सम्प्रदायः साधना और साहित्य /
_cरतनलाल मिश्र
246 _bby Ratanlal Mishra
_aMahaprabhu Chaitanya sampraday : sadhna aur sahitya
260 _aजयपुर
_bसाहित्यागार
_c2009
270 _a धामाणी मार्केट की गली, चौड़ा रास्ता
_bजयपुर
_e302003
300 _a135पृ.
_c22सेमी (सजिल्द)
650 _aभक्ति धर्मशास्त्र
650 _aDevotional theology
942 _2ddc
_cHN
_mमिश्रर
_h230.4
999 _c29067
_d29067